[Event "HUN-chT2 Toth 1819"]
[Site "Hungary"]
[Date "2018.09.23"]
[Round "1.3"]
[White "Kozak, Janos"]
[Black "Godollei, Zsombor"]
[Result "0-1"]
[WhiteElo "1513"]
[BlackElo "1817"]
[PlyCount "76"]
[EventDate "2018.09.23"]
[EventType "team-tourn"]
[EventRounds "11"]
[EventCountry "HUN"]
[SourceTitle "EXT 2021"]
[Source "ChessBase"]
[SourceDate "2020.10.23"]
[SourceVersion "1"]
[SourceVersionDate "2020.10.23"]
[SourceQuality "1"]
[WhiteTeam "Szentes Integral"]
[BlackTeam "Ujszasz"]
[WhiteTeamCountry "HUN"]
[BlackTeamCountry "HUN"]

1. c4 e6 2. Nc3 d5 3. d4 Nf6 4. Nf3 Be7 5. g3 0-0 6. cxd5 exd5 7. Bg2 c6 8. 0-0 Bf5 9. Nh4 Bg6 10. Nxg6 hxg6 11. Bg5 Nbd7 12. a3 Re8 13. h4 Qc7 14. Bh3 Ne4 15. Nxe4 dxe4 16. Bxe7 Rxe7 17. e3 Nf6 18. Qc2 Rd8 19. Rac1 Rd5 20. Qe2 Qd6 21. b4 g5 22. h5 g4 23. Bxg4 Rg5 24. Bh3 Rxh5 25. Kg2 Rg5 26. Rc5 Nd5 27. Rh1 f5 28. Kf1 b6 29. Rc1 a5 30. bxa5 bxa5 31. Qa6 Qxa3 32. Qc8+ Kf7 33. Qxc6 Qd3+ 34. Kg2 Nxe3+ 35. Kg1 f4 36. Qd6 Nd5 37. Kh2 fxg3+ 38. fxg3 Qe2+ 0-1

[Event "HUN-chT2 Toth 1718"]
[Site "Hungary"]
[Date "2017.12.03"]
[Round "5.11"]
[White "Kozak, Janos"]
[Black "Rab, Janos"]
[Result "1/2-1/2"]
[WhiteElo "1473"]
[BlackElo "1796"]
[PlyCount "85"]
[EventDate "2017.09.24"]
[EventType "team-tourn"]
[EventRounds "11"]
[EventCountry "HUN"]
[SourceTitle "EXT 2021"]
[Source "ChessBase"]
[SourceDate "2020.10.23"]
[SourceVersion "1"]
[SourceVersionDate "2020.10.23"]
[SourceQuality "1"]
[WhiteTeam "Szentes Integral"]
[BlackTeam "Karcag"]
[WhiteTeamCountry "HUN"]
[BlackTeamCountry "HUN"]

1. c4 e5 2. Nc3 Nf6 3. Nf3 Nc6 4. g3 g6 5. Bg2 Bg7 6. d4 exd4 7. Nxd4 Nxd4 8. Qxd4 0-0 9. e4 d6 10. Qd3 Re8 11. 0-0 Rb8 12. Rb1 Be6 13. b3 a6 14. h3 Qc8 15. Kh2 Nd7 16. Bb2 Ne5 17. Qe2 Nc6 18. f4 f5 19. Qd2 Ne7 20. Rfe1 Qd7 21. Nd5 Nxd5 22. exd5 Bf7 23. Bxg7 Kxg7 24. Qd4+ Kg8 25. Qf6 Qd8 26. Qxd8 Rbxd8 27. Kg1 b6 28. Kf2 a5 29. Rxe8+ Rxe8 30. Re1 Rxe1 31. Kxe1 Be8 32. Ke2 Kf7 33. a3 Kf6 34. b4 axb4 35. axb4 h6 36. h4 g5 37. Bf3 Bf7 38. Ke3 Be8 39. Kd4 gxf4 40. gxf4 Ke7 41. Be2 Bd7 42. c5 bxc5+ 43. bxc5 1/2-1/2

[Event "HUN-chT2 Toth 1617"]
[Site "Hungary"]
[Date "2016.12.11"]
[Round "6.11"]
[White "Kozak, Janos"]
[Black "Nagy, Gabor2222"]
[Result "0-1"]
[WhiteElo "1570"]
[BlackElo "1789"]
[PlyCount "138"]
[EventDate "2016.09.25"]
[EventType "team-tourn"]
[EventRounds "11"]
[EventCountry "HUN"]
[SourceTitle "EXT 2021"]
[Source "ChessBase"]
[SourceDate "2020.10.23"]
[SourceVersion "1"]
[SourceVersionDate "2020.10.23"]
[SourceQuality "1"]
[WhiteTeam "Szentes Integral"]
[BlackTeam "Bekes"]
[WhiteTeamCountry "HUN"]
[BlackTeamCountry "HUN"]

1. c4 Nf6 2. d4 g6 3. Nc3 Bg7 4. Nf3 d6 5. e4 0-0 6. Be2 e5 7. Bg5 Nbd7 8. 0-0 c6 9. dxe5 dxe5 10. Qd6 Re8 11. Rad1 Bf8 12. Bxf6 Qxf6 13. Qxf6 Nxf6 14. Rd3 Bg4 15. a3 Bxf3 16. Bxf3 Rad8 17. Rfd1 Be7 18. Kf1 Kf8 19. h3 Rxd3 20. Rxd3 Rd8 21. Rxd8+ Bxd8 22. c5 Nd7 23. b4 b6 24. cxb6 axb6 25. Bg4 Ke7 26. Ke2 b5 27. Ke3 Nb6 28. Be2 Kd6 29. g3 Bf6 30. Bd3 Bg7 31. Be2 f5 32. Kd2 Bh6+ 33. Kc2 f4 34. g4 Bg5 35. f3 Bh4 36. Kb3 Na8 37. a4 bxa4+ 38. Nxa4 Nc7 39. Bc4 Bf2 40. Nb2 Ne6 41. Bxe6 Kxe6 42. Nd3 Bd4 43. Kc4 Kd6 44. Nc5 Be3 45. Nd3 Ke6 46. h4 h5 47. g5 Kd6 48. Kc3 Bd4+ 49. Kc4 Bg1 50. Ne1 Bf2 51. Ng2 Kc7 52. b5 c5 53. Kd5 Bd4 54. Nxf4 exf4 55. e5 Be3 56. e6 c4 57. e7 Kd7 58. e8Q+ Kxe8 59. Kxc4 Kd7 60. Kd5 Bf2 61. Ke5 Bxh4 62. Kxf4 Ke6 63. b6 Bf2 64. b7 Ba7 65. Ke4 Bb8 66. f4 h4 67. Kf3 Kf5 68. Kg2 Kxf4 69. Kh3 Kxg5 0-1

[Event "HUN-chT2 Toth 1516"]
[Site "Hungary"]
[Date "2016.04.17"]
[Round "11.12"]
[White "Almasi, Mate"]
[Black "Kozak, Janos"]
[Result "1-0"]
[WhiteElo "1396"]
[BlackElo "1571"]
[PlyCount "139"]
[EventDate "2015.09.13"]
[EventType "team-tourn"]
[EventRounds "11"]
[EventCountry "HUN"]
[SourceTitle "EXT 2017"]
[Source "ChessBase"]
[SourceDate "2016.10.25"]
[SourceVersion "1"]
[SourceVersionDate "2016.10.25"]
[SourceQuality "1"]
[WhiteTeam "Mako SVSE II"]
[BlackTeam "Szentes Integral"]
[WhiteTeamCountry "HUN"]
[BlackTeamCountry "HUN"]

1. e4 c6 2. c4 d5 3. Nc3 d4 4. Nb1 e5 5. d3 Nf6 6. h3 Be7 7. g3 Be6 8. Ne2 Qd7 9. Bg2 0-0 10. f4 Qc7 11. f5 Bd7 12. 0-0 h6 13. Kh2 Nh7 14. Bd2 Bg5 15. Bxg5 Nxg5 16. Nd2 Na6 17. Nf3 Qd8 18. Neg1 g6 19. Nxg5 Qxg5 20. Nf3 Qe7 21. Nh4 g5 22. Nf3 f6 23. Qb3 Nc5 24. Qc2 Be8 25. b4 Nd7 26. a3 Qh7 27. Ng1 h5 28. a4 Qe7 29. Qb3 c5 30. b5 b6 31. a5 Bf7 32. a6 Kg7 33. Qc2 Rh8 34. Qd2 Rh6 35. Qc1 Rah8 36. Qd2 Kf8 37. Qc1 Ke8 38. Qd2 Kd8 39. Qc1 Be8 40. Qd2 Qg7 41. Qc1 Ke7 42. Qd2 g4 43. h4 Nf8 44. Qc1 Nh7 45. Qd2 Ng5 46. Kh1 Rg8 47. Qc1 Nh3 48. Qc2 Rh7 49. Qc1 Nf4 50. gxf4 Kd6 51. Ra2 Rh6 52. Ne2 g3 53. fxe5+ fxe5 54. Nxg3 Rf6 55. Rf3 Qg4 56. Nf1 Qxh4+ 57. Rh3 Qg4 58. Nh2 Qg7 59. Qf1 Rh6 60. Rf2 Rf6 61. Bf3 h4 62. Rg2 Qh7 63. Rxh4 Qxh4 64. Rxg8 Bh5 65. Bxh5 Qxh5 66. Qg1 Rh6 67. Rg6+ Rxg6 68. Qxg6+ Qxg6 69. fxg6 Ke6 70. Ng4 1-0

[Event "HUN-chT Csongrad Region"]
[Site "Hungary"]
[Date "2016.03.06"]
[Round "7.5"]
[White "Hajnal, Bence"]
[Black "Kozak, Janos"]
[Result "1/2-1/2"]
[WhiteElo "1754"]
[BlackElo "1619"]
[PlyCount "70"]
[EventDate "2015.09.20"]
[EventType "team-tourn"]
[EventRounds "9"]
[EventCountry "HUN"]
[SourceTitle "EXT 2017"]
[Source "ChessBase"]
[SourceDate "2016.10.25"]
[SourceVersion "1"]
[SourceVersionDate "2016.10.25"]
[SourceQuality "1"]

1. b3 e5 2. g3 d5 3. d3 Be6 4. Bb2 Nc6 5. e3 Bd6 6. Ne2 Nf6 7. Nd2 0-0 8. Bg2 Re8 9. a3 a5 10. h3 b5 11. g4 h6 12. Ng3 Ne7 13. e4 d4 14. Nf5 Ng6 15. h4 Nf4 16. Kf1 Nxg2 17. Kxg2 Nh7 18. Nf1 Bf8 19. Bc1 Bxf5 20. exf5 Be7 21. g5 hxg5 22. hxg5 Bxg5 23. Qh5 Bh6 24. Bxh6 gxh6 25. Qxh6 Qg5+ 26. Ng3 Qxh6 27. Rxh6 Kg7 28. Rah1 Rh8 29. Ne4 f6 30. R6h5 Rag8 31. Kf3 Rd8 32. Kg4 Rdg8 33. Kf3 Rc8 34. Rg1+ Kf7 35. Rgh1 Kg7 1/2-1/2

[Event "HUN-chT Csongrad Region"]
[Site "Hungary"]
[Date "2015.11.15"]
[Round "4.2"]
[White "Szajbely, Samuel Janos"]
[Black "Kozak, Janos"]
[Result "1-0"]
[WhiteElo "1574"]
[BlackElo "1619"]
[PlyCount "105"]
[EventDate "2015.09.20"]
[EventType "team-tourn"]
[EventRounds "9"]
[EventCountry "HUN"]
[SourceTitle "EXT 2017"]
[Source "ChessBase"]
[SourceDate "2016.10.25"]
[SourceVersion "1"]
[SourceVersionDate "2016.10.25"]
[SourceQuality "1"]

1. e4 c5 2. Nf3 e6 3. d4 cxd4 4. Nxd4 Nc6 5. Be3 a6 6. Be2 Nf6 7. Nd2 d5 8. f3 dxe4 9. Nxe4 Nxe4 10. fxe4 Qh4+ 11. Bf2 Qxe4 12. 0-0 Nxd4 13. Bxd4 Qc6 14. Bh5 Bd7 15. Bxf7+ Kd8 16. Qg4 Bc5 17. Qg5+ Kc7 18. Qxc5 b6 19. Be5+ Kb7 20. Qxc6+ Kxc6 21. Bxg7 Rhc8 22. Rf6 Kb7 23. Bxe6 Bxe6 24. Rxe6 Rxc2 25. Rd1 Rg8 26. Rd7+ Kc8 27. Rf7 Rd8 28. Rf8 Rxf8 29. Bxf8 Rxb2 30. a3 Rb1+ 31. Kf2 Rb5 32. Re8+ Kb7 33. Bh6 Rb2+ 34. Re2 Rb3 35. Re3 Rb2+ 36. Kf3 a5 37. h4 Kc6 38. Bg7 Rb1 39. g4 b5 40. Kf4 b4 41. axb4 axb4 42. Kg5 b3 43. Kh6 b2 44. Bxb2 Rxb2 45. Kxh7 Rb4 46. g5 Rxh4+ 47. Kg7 Rg4 48. g6 Kd6 49. Kh7 Rh4+ 50. Kg8 Rg4 51. Kg7 Kd7 52. Rh3 Ke7 53. Kh7 1-0

[Event "HUN-chT Csongrad Region"]
[Site "Hungary"]
[Date "2015.10.11"]
[Round "3.4"]
[White "Kozak, Janos"]
[Black "Bodo, Imre"]
[Result "1-0"]
[WhiteElo "1619"]
[BlackElo "1783"]
[PlyCount "116"]
[EventDate "2015.09.20"]
[EventType "team-tourn"]
[EventRounds "9"]
[EventCountry "HUN"]
[SourceTitle "EXT 2017"]
[Source "ChessBase"]
[SourceDate "2016.10.25"]
[SourceVersion "1"]
[SourceVersionDate "2016.10.25"]
[SourceQuality "1"]

1. c4 e5 2. Nc3 c6 3. Nf3 d6 4. g3 Bg4 5. Bg2 Nf6 6. d4 e4 7. Nd2 d5 8. cxd5 cxd5 9. f3 exf3 10. exf3 Be6 11. 0-0 Be7 12. Nb3 b6 13. Bf4 Nc6 14. Rc1 Rc8 15. a3 0-0 16. Re1 Nh5 17. Be3 Qd7 18. Bf2 Nf6 19. Qd3 Rfd8 20. Ne2 Bd6 21. Rc3 Bf5 22. Qb5 Ne7 23. Qxd7 Bxd7 24. Rec1 Rxc3 25. Rxc3 Bb5 26. Nbc1 Re8 27. Bf1 Bb8 28. g4 h6 29. Ng3 Bxf1 30. Nxf1 Ng6 31. Nd3 Nh7 32. h4 Nhf8 33. h5 Nf4 34. Nxf4 Bxf4 35. Be3 Ne6 36. Nd2 Nxd4 37. Bxf4 Ne2+ 38. Kf2 Nxf4 39. Re3 Rc8 40. Rc3 Re8 41. Re3 Ne6 42. b4 Rc8 43. Kg3 Rc2 44. Rd3 Nc7 45. Nb3 Kf8 46. Nd4 Rc4 47. f4 Ne6 48. Ne2 Re4 49. Kf3 Rxe2 50. Kxe2 Nxf4+ 51. Ke3 Nxd3 52. Kxd3 Ke7 53. Kd4 Kd6 54. b5 g6 55. g5 hxg5 56. h6 g4 57. h7 g3 58. h8Q g2 1-0

[Event "HUN-chT2 Toth 1415"]
[Site "Hungary"]
[Date "2015.04.26"]
[Round "11.11"]
[White "Kozak, Janos"]
[Black "Vertes, Imre"]
[Result "0-1"]
[WhiteElo "1595"]
[BlackElo "1621"]
[PlyCount "88"]
[EventDate "2014.09.07"]
[EventType "team-tourn"]
[EventRounds "11"]
[EventCountry "HUN"]
[SourceTitle "EXT 2016"]
[Source "ChessBase"]
[SourceDate "2015.10.08"]
[SourceVersion "1"]
[SourceVersionDate "2015.10.08"]
[SourceQuality "1"]
[WhiteTeam "Szentes"]
[BlackTeam "Bekes"]
[WhiteTeamCountry "HUN"]
[BlackTeamCountry "HUN"]

1. c4 Nf6 2. Nc3 g6 3. e4 d6 4. d4 Nbd7 5. f4 e5 6. fxe5 dxe5 7. dxe5 Nxe5 8. Qxd8+ Kxd8 9. Bf4 Bd6 10. 0-0-0 Ke7 11. h3 Be6 12. c5 Nd3+ 13. Rxd3 Bxf4+ 14. Kc2 Rhd8 15. Nf3 c6 16. Be2 Rxd3 17. Bxd3 Nd7 18. b4 Ne5 19. Nxe5 Bxe5 20. a4 a6 21. Rd1 Rd8 22. Rb1 Rd4 23. b5 axb5 24. axb5 Bc4 25. Rd1 Bxd3+ 26. Rxd3 Rc4 27. bxc6 bxc6 28. Kb3 Rxc5 29. Ne2 Rb5+ 30. Kc4 Rb2 31. Re3 Bc7 32. g4 Bb6 33. Nd4 Rd2 34. Nxc6+ Kd6 35. Rf3 Kxc6 36. Rxf7 Rd7 37. Rxd7 Kxd7 38. Kd5 Bc7 39. h4 h6 40. h5 g5 41. e5 Ke7 42. e6 Bf4 43. Kd4 Kxe6 44. Ke4 Bc1 0-1

[Event "HUN-chT2 Toth 1415"]
[Site "Hungary"]
[Date "2014.09.21"]
[Round "2.10"]
[White "Szekeres, Mihaly"]
[Black "Kozak, Janos"]
[Result "1-0"]
[WhiteElo "1728"]
[BlackElo "1595"]
[PlyCount "89"]
[EventDate "2014.09.07"]
[EventType "team-tourn"]
[EventRounds "11"]
[EventCountry "HUN"]
[SourceTitle "EXT 2016"]
[Source "ChessBase"]
[SourceDate "2015.10.08"]
[SourceVersion "1"]
[SourceVersionDate "2015.10.08"]
[SourceQuality "1"]
[WhiteTeam "Mako II"]
[BlackTeam "Szentes"]
[WhiteTeamCountry "HUN"]
[BlackTeamCountry "HUN"]

1. d4 f5 2. Nf3 Nf6 3. e3 e6 4. Bd3 d5 5. a3 Bd6 6. Nbd2 0-0 7. c4 c6 8. b4 a6 9. c5 Bc7 10. Qc2 Nbd7 11. Bb2 Ne4 12. a4 Ndf6 13. h3 h6 14. Ne5 Nxd2 15. Qxd2 Ne4 16. Qe2 Bxe5 17. dxe5 Qg5 18. Qf3 Bd7 19. g3 h5 20. Bd4 Qh6 21. Qg2 Qg6 22. Rg1 Qh6 23. h4 g5 24. f3 g4 25. fxe4 fxe4 26. Be2 Rf5 27. Rf1 Raf8 28. Rxf5 Rxf5 29. b5 axb5 30. axb5 cxb5 31. Kd2 Qf8 32. Rf1 Qa8 33. Rxf5 Qa2+ 34. Ke1 Qb1+ 35. Bd1 Qb4+ 36. Qd2 Qxd2+ 37. Kxd2 exf5 38. Kc3 Kf7 39. Be2 Ke6 40. Kb4 Bc6 41. Bxb5 Kd7 42. Ka5 Kc7 43. Bxc6 Kxc6 44. e6 Kc7 45. Kb5 1-0